Stars in Pegasus - Statistics

General Stats
  • This quiz has been taken 3 times
  • The average score is 2 of 15
Answer Stats
Answer % Correct
Enif
100%
Tangra
50%
Algenib
0%
Alkarab
0%
Anadolu
0%
Biham
0%
Helvetios
0%
Homam
0%
Markab
0%
Matar
0%
Morava
0%
Sadalbari
0%
Salm
0%
Scheat
0%
Solaris
0%
No matching quizzes found
Score Distribution
Percent of People with Each Score
Percentile by Number Answered
Your Score History
You have not taken this quiz